000 00908nam a22002297a 4500
999 _c13039
_d13039
003 AR-CdUCM
008 190411b ||||| |||| 00| 0 spa d
040 _aMUNICIPALIDAD PROVINCIAL DEL CUSCO
_cBIBLIOTECA MUNICIPAL DEL CUSCO
041 _hger
082 _a624.17 /
_bK28
100 _aKayser, H.
_931217
245 _aHormigón armado /
260 _aMéxico D. F. :
_bEditora Nacional EDINAL,
_c1958.
300 _a212 páginas ;
_bfiguras,
_c17 cm.
505 _aContenido: Propiedad del hormigón armado -- Generalidades -- Formas típicas del hormigón armado -- Resistencia del hormigón en masa y armado -- Influencias externas nocivas ...
650 _aIngeniería de estructuras
_931218
650 _aDiseño de estructuras
_931219
650 _aConstrucciones de hormigón armado
_931220
700 _aCampalans, R. (traducción)
_931221
942 _2ddc
_cLIBROS
945 _aachl
_d2019-04-11